书目信息 |
| 书名: | World patterns: the Aldine College atlas | |
| 作者: | Harold Fullard, editor. Norton Ginsburg, consulting editor. | |
| 分册号: | ||
| 分册名: | 出版地: | Chicago] : |
|
| 出版社: | Aldine Pub. Co | |
| 出版时间: | [1971]. | |
| 页数: | xvi, 128 p. : | |
| 开本: | 28 cm. | |
| 丛书名: | ||
| 中图分类号: | ||
| 科图分类号: | ||
| 其他分类号: | K991 | |
| 主题词: | ||
| 电子资源: | ||
| 000 | 01107nem a2200325 450 | |
| 001 | E0730764563 | |
| 005 | 20070315083731.65 | |
| 007 | ad canzn | |
| 008 | 710709s1971 ilu e eng | |
| 010 | @a71653785 | |
| 020 | @a020210057X. | |
| 035 | @A(DLC) 71653785 | |
| 040 | @aDLC@cDLC@dDLC | |
| 050 | 00 | @aG1019@b.P621 1971 |
| 082 | 00 | @a912 |
| 090 | @aK991 | |
| 099 | @dK991@ex13 | |
| 110 | 2 | @aGeorge Philip & Son. |
| 245 | 10 | @aWorld patterns: the Aldine College atlas / @cHarold Fullard, editor. Norton Ginsburg, consulting editor. |
| 250 | @a[1st ed. | |
| 260 | @aChicago] :@bAldine Pub. Co.,@c[1971]. | |
| 300 | @axvi, 128 p. :@bcol. maps. ;@c28 cm. | |
| 500 | @a"World patterns is in part a selection of maps taken from and adapted from the Aldine University atlas first published in 1969." | |
| 504 | @aIncludes bibliographical references. | |
| 650 | 0 | @aAtlases. |
| 700 | 1 | @aFullard, Harold,@eed. |
| 700 | 1 | @aGinsburg, Norton Sydney,@eed. |
| 906 | @a7@bcbc@corignew@d5@encip@f19@gy-geogmaps | |
| 985 | @eATLAS MIG | |
| 991 | @bc-GenColl@hG1019@i.P621 1971@tCopy 1@wBOOKS | |
| World patterns: the Aldine College atlas / / Harold Fullard, editor. Norton Ginsburg, consulting editor.-[1st ed.-Chicago] : : Aldine Pub. Co., , [1971]. |
| xvi, 128 p. : : col. maps. ; ; 28 cm. |
| "World patterns is in part a selection of maps taken from and adapted from the Aldine University atlas first published in 1969." .-Includes bibliographical references. |
| ISBN 020210057X. |
| ● |
| 相关链接 |
|
|
|
|
正题名:World patterns: the Aldine College atlas
索取号:K991/x13
 
预约/预借
| 序号 | 登录号 | 条形码 | 馆藏地/架位号 | 状态 | 备注 |
| 1 | 0001801 | 300018013 | 第二样本阅览室/ [索取号:K991/x13] | 在馆 |